|
|
|
|
| LEADER |
00000cam a2200000 c 4500 |
| 001 |
890219478 |
| 003 |
DE-627 |
| 005 |
20240722135148.0 |
| 007 |
tu |
| 008 |
170613s1725 gw ||||| 00| ||ger c |
| 026 |
|
|
|e n.so hend nege f)th 3 1725C
|2 fei
|5 DE-39
|
| 035 |
|
|
|a (DE-627)890219478
|
| 035 |
|
|
|a (DE-576)9890219476
|
| 035 |
|
|
|a (DE-599)GBV890219478
|
| 035 |
|
|
|a (OCoLC)989977365
|
| 040 |
|
|
|a DE-627
|b ger
|c DE-627
|e rda
|
| 041 |
|
|
|a ger
|
| 044 |
|
|
|c XA-DE
|c XA-DXDE
|
| 100 |
1 |
|
|e VerfasserIn
|0 (DE-588)124351662
|0 (DE-627)085805319
|0 (DE-576)294132341
|4 aut
|a Huhn, Johann Benjamin
|d 1684-1744
|
| 109 |
|
|
|a Huhn, Johann Benjamin 1684-1744
|a Huhn, Johannes Benjamin 1684-1744
|a Huhnius, Joannes Benjamin 1684-1744
|a Huhnius, Johannes Benjamin 1684-1744
|a Huhnius, J. B. 1684-1744
|a Huhn, Beniamin 1684-1744
|a Huhnius, Johannes Benjaminus 1684-1744
|
| 245 |
1 |
0 |
|a ... Oder Die Lieblichen Wohnungen Gottes in einer Predigt,
|b bey Einweyhung der neu-erbauten Kirchen zu Töttelstedt, in der Fürstl. H. Goth. Herrschafft Tonna, d. 16. Octobr. 1725. Aus den Worten Psal. XXVI. v. 6.7.8. Ich halte mich ... vorgestellet ; Zu Ende wird das Directorium angefüget, wie es bey der Einweyhung gehalten worden,
|c von Johann Benjamin Huhn, Fürstl. Sächß. Hof-Prediger zum Friedenstein
|
| 246 |
3 |
0 |
|a bei einweihung herrschaft
|
| 246 |
3 |
3 |
|a Die Lieblichen Wohnungen Gottes in einer Predigt
|
| 264 |
|
1 |
|a [Gotha?]
|b [Verlag nicht ermittelbar]
|c 1725
|
| 300 |
|
|
|a 2 ungezählte Seiten, 88 Seiten, 6 ungezählte Seiten
|c 4°
|
| 336 |
|
|
|a Text
|b txt
|2 rdacontent
|
| 337 |
|
|
|a ohne Hilfsmittel zu benutzen
|b n
|2 rdamedia
|
| 338 |
|
|
|a Band
|b nc
|2 rdacarrier
|
| 500 |
|
|
|a Erscheinungsjahr nach einem Chronogramm
|
| 601 |
|
|
|a Wohnung
|
| 601 |
|
|
|a Predigt
|
| 655 |
|
7 |
|a Gelegenheitsschrift:Einweihung
|0 (DE-627)096631589
|2 local
|
| 935 |
|
|
|a FBGO
|a mteo
|
| 951 |
|
|
|a BO
|
| ELC |
|
|
|b 1
|
| LOK |
|
|
|0 000 xxxxxcx a22 zn 4500
|
| LOK |
|
|
|0 001 4555413563
|
| LOK |
|
|
|0 003 DE-627
|
| LOK |
|
|
|0 004 890219478
|
| LOK |
|
|
|0 005 20250129081924
|
| LOK |
|
|
|0 008 240722||||||||||||||||ger|||||||
|
| LOK |
|
|
|0 040
|a DE-Tue135
|c DE-627
|d DE-Tue135
|
| LOK |
|
|
|0 092
|o n
|
| LOK |
|
|
|0 852
|a DE-Tue135
|
| LOK |
|
|
|0 852 1
|9 00
|
| LOK |
|
|
|0 866
|x SPQUE#Forschungsbibliothek Gotha#SPSAM#Herzogliche Sammlung (Theologie)#SPSYS#03 Theologie
|
| LOK |
|
|
|0 866
|x SPQUE#Forschungsbibliothek Gotha#SPSAM#Bestand Theologie (bis 2024-03)
|
| LOK |
|
|
|0 935
|a FBGO
|a gohs
|a goth
|
| LOK |
|
|
|0 939
|a 22-07-24
|b l01
|
| ORI |
|
|
|a SA-MARC-ixtheoa001.raw
|